Welcome to the Holygrace Academy Library

Please use search bar below to get started

CHEVROLET SATURDAYS (Record no. 2794)

MARC details
000 -LEADER
fixed length control field 00303nam a22001337a 4500
020 ## - INTERNATIONAL STANDARD BOOK NUMBER
ISBN 0-14-036859-0
082 ## - DEWEY DECIMAL CLASSIFICATION NUMBER
Classification number 823
Item number BOY/C
100 ## - MAIN ENTRY--AUTHOR NAME
Personal name BOYD, CANDY DAWSON
245 ## - TITLE STATEMENT
Title CHEVROLET SATURDAYS
260 ## - PUBLICATION, DISTRIBUTION, ETC. (IMPRINT)
Place of publication NEW YORK
Name of publisher PENGUIN BOOKS
Year of publication 1993
300 ## - PHYSICAL DESCRIPTION
Number of Pages 176
650 ## - SUBJECT ADDED ENTRY--TOPICAL TERM
Topical Term NOVEL
Geographic subdivision UNITED STATES
942 ## - ADDED ENTRY ELEMENTS (KOHA)
Koha item type Books
Holdings
Withdrawn status Lost status Collection code Home library Current library Shelving location Date acquired Source of acquisition Full call number Accession Number Koha item type
    Fiction Main Library Main Library SHELF-14B -ALPHABETICAL -B--ENGLISH NOVELS & FICTIONS 22/06/2010 purchase 823 BOY/C 05518 Books